000 00830nam a2200265 4500
003 OSt
005 20260530115307.0
008 260505b |||||||| |||| 00| 0 spa d
020 _a9586951901
040 _aICI
_bspa
_cICI
041 _aspa
_geng
050 _aNK1505
_bE58
245 1 0 _aEntre Objetos:
_b2005-2006
264 1 _acolombia :
_buniandes ,
_c2005
300 _a72 páginas :
_bilustraciones
336 _atexto
_2rdacontent
337 _asin medio
_2rdamedia
338 _avolumen
_2rdacarrier
650 4 _adiseño industrial
_915218
650 4 _aobjetos decorativos
_xdiseño
700 _aVanegas , Zapata, Freddy ,
_edirector general
_932192
700 _aJiménez, Juan, Carlos ,
_e supervición general y coordinación
_932193
700 _aKadami, Samira,
_erecopilación
_932194
942 _2ddc
_cBK
_n1
999 _c13151
_d13151